Statistiken für Errate den Transfer

Klicken Sie hier um das Quiz zu spielen!

Allgemein

  • Dieses Quiz wurde 103 mal gespielt
  • Das Durchschnittsergebnis liegt bei 15 aus 20

Antwortstatistiken

Alter VereinNeuer VereinJahrAntwort% Korrekt
PSGInter Miami2023Lionel Messi
99%
Borussia DortmundManchester City2022Erling Haaland
97%
AS MonacoPSG2018Kylian Mbappe
95%
Real MadridAl-Ittihad2023Karim Benzema
89%
RB LeipzigFC Chelsea2023Christopher Nkunku
88%
Bayern MünchenFC Barcelona2022Robert Lewandowski
86%
Juventus TurinManchester United2021Cristiano Ronaldo
85%
Atletico MadridFC Barcelona2019Antoine Griezmann
78%
Manchester CityBayern München2020Leroy Sane
77%
Bayern MünchenFC Liverpool2020Thiago
77%
FC ChelseaReal Madrid2019Eden Hazard
75%
West Ham UnitedFC Arsenal2023Declan Rice
74%
Manchester UnitedLA Galaxy2018Zlatan Ibrahimovic
74%
Manchester CityFC Chelsea2022Raheem Sterling
73%
Benfica LissabonFC Liverpool2022Darwin Nunez
70%
LOSC LilleAC Mailand2019Rafael Leao
58%
Manchester CityFC Arsenal2022Gabriel Jesus
57%
FC BarcelonaPSG2023Ousmane Dembele
57%
AC MailandPSG2021Gianluigi Donnarumma
56%
AC FlorenzJuventus Turin2021Dusan Vlahovic
54%

Verteilung der Resultate

Perzentil nach korrekt beantworteten Fragen

Anzahl Personen mit jedem Resultat

Ihre Resultats-Entwicklung

Sie haben dieses Quiz noch nicht gespielt